| 000 | 00645nam a2200193 i 4500 | ||
|---|---|---|---|
| 001 | 149755 | ||
| 003 | ES-MaACL | ||
| 005 | 20230906203238.0 | ||
| 007 | t| | ||
| 008 | 071024s1953 sp ||||1| spa d | ||
| 100 | 1 |
_aVázquez Saco, Francisco. _9113482 |
|
| 245 | 1 | 4 |
_aLos escudos de Sarriá / _cpor Francisco Vázquez Saco. |
| 260 |
_aLugo : _b[s.n.], _c1953 ( _fImp. de la Diputación Provincial) |
||
| 300 |
_a40 p. : _bil. ; _c21 cm. |
||
| 500 | _aPrecede al tít.: Junta del Museo Provincial de Lugo. | ||
| 650 | 4 |
_aHeráldica- _zSarriá. _9157815 |
|
| 710 | 2 |
_aMuseo Provincial de Lugo. _95917 |
|
| 852 |
_aES-MaACL _j1908-F-12 _bR.35830 |
||
| 999 |
_c149755 _d149755 |
||